00586nam a22001577a 4500003000900000005001700009008004100026040001300067100005000080245001500130250000600145260004000151300001900191490002300210520019500233IT-RoPau20220918181102.0130320b xxu||||| |||| 00| 0 eng d cIT-RoPau aCapitulo General Especial de la SSP 1969-1971 aDocumentos aI aMadridbCasa Generalizia PSSPc1971 a423 pp.c21 cm aEdiciones Paulinas aIndice General Siglas Sumario general Fin y Miembros (Nuestra identidad paulina) Nuestra vida apostolica La comunidad paulina Formacion integral Gobierno y administracion Indice analitico